000 00379nam a2200097Ia 4500
008 160725s9999 xx 000 0 und d
100 _aGutierrez-Tangog, Marjorie S.
245 _aOrganizational commitment in relation to leadership behaviors and the achievement of institutional goals.
260 _bKaizen Research Journal College of Education
_cJanuary 2014
650 _aEDUCATION
999 _c298005
_d298005